[Event "Pere Noel U1500"]
[Site "Montreal CAN"]
[Date "2016.12.27"]
[Round "2.5"]
[White "Nanescu, Marin"]
[Black "Pommainville, Vincent"]
[Result "1-0"]
[WhiteElo "1410"]
[BlackElo "1259"]
[PlyCount "129"]
[EventDate "2016.12.26"]
[EventType "swiss"]
[EventRounds "5"]
[EventCountry "CAN"]

1. e4 Nc6 2. Nf3 e5 3. Bc4 Nf6 4. O-O Bc5 5. d3 h6 6. h3 d6 7. Re1 O-O 8. c3
Be6 9. Bxe6 fxe6 10. Be3 Bb6 11. Bxb6 axb6 12. Nbd2 Qd7 13. Nc4 b5 14. Ne3 Ne7
15. a3 c5 16. Qc2 Rfc8 17. Rad1 b4 18. axb4 cxb4 19. c4 Ra2 20. Ra1 Rca8 21.
Rxa2 Rxa2 22. Qb3 Qa4 23. Qxa4 Rxa4 24. b3 Ra2 25. Rb1 Nc6 26. Kf1 Nd7 27. Ke1
Nc5 28. Rd1 Nxb3 29. Nd2 Ncd4 30. Nxb3 Nxb3 31. Rb1 Ra1 32. Rxa1 Nxa1 33. Kd1
Nb3 34. Nc2 Kf7 35. Nxb4 Nd4 36. Nc2 Kf6 37. Ne3 Kg5 38. g3 h5 39. Ng2 Nf3 40.
Ne3 h4 41. Ng4 Ng1 42. gxh4+ Kxh4 43. Ke1 Kxh3 44. Ne3 Nf3+ 45. Kf1 Nd2+ 46.
Ke2 Nb3 47. Nc2 Kg4 48. Na3 Nd4+ 49. Ke3 g5 50. Nb1 Nc2+ 51. Ke2 Kf4 52. Nd2
Nd4+ 53. Kf1 g4 54. Kg2 Nb3 55. Nxb3 g3 56. Nd2 b6 57. Nf1 gxf2 58. Kxf2 d5 59.
exd5 exd5 60. cxd5 Kf5 61. Ne3+ Kf6 62. Ke2 b5 63. Kd2 Ke7 64. Kc3 Kd6 65. Kb4
1-0

[Event "Pere Noel U1500"]
[Site "Montreal CAN"]
[Date "2016.12.27"]
[Round "2.6"]
[White "Arsenault-Mahjoubi, Louis"]
[Black "Grandmaison, Real"]
[Result "0-1"]
[WhiteElo "1375"]
[BlackElo "1238"]
[PlyCount "112"]
[EventDate "2016.12.26"]
[EventType "swiss"]
[EventRounds "5"]
[EventCountry "CAN"]

1. d4 d5 2. c4 Nf6 3. cxd5 Qxd5 4. Nc3 Qf5 5. e3 e5 6. Nf3 e4 7. Ne5 Bd6 8. b3
Bxe5 9. dxe5 Qxe5 10. Bb2 Qa5 11. Qd4 Nc6 12. Bb5 Bd7 13. Bxc6 Bxc6 14. O-O O-O
15. Qc4 Rad8 16. Ne2 Bb5 17. Qc3 Qxc3 18. Nxc3 Bxf1 19. Kxf1 Rd2 20. Ba3 Rfd8
21. Rc1 c6 22. Ke1 R2d7 23. h3 h5 24. Bc5 b6 25. Bd4 Re8 26. Ne2 c5 27. Bb2
Red8 28. Ng3 Rd2 29. Bxf6 gxf6 30. Nxe4 Rxa2 31. Nxf6+ Kf8 32. Nxh5 Rdd2 33.
Nf4 Rxf2 34. Rd1 Rxg2 35. Nxg2 Rxg2 36. Rd8+ Ke7 37. Ra8 Ra2 38. Kf1 Ra3 39. h4
Rxb3 40. Ke2 Rb2+ 41. Kd3 b5 42. Rxa7+ Ke6 43. h5 Rh2 44. h6 Kd5 45. Ra5 c4+
46. Kc3 Kc5 47. e4 Rxh6 48. Ra7 b4+ 49. Kb2 Rh2+ 50. Kc1 b3 51. Rc7+ Kb4 52.
Rxf7 Kc3 53. Rf3+ Kd4 54. Rf1 c3 55. Rd1+ Kc4 56. e5 c2 0-1

[Event "Pere Noel U1500"]
[Site "Montreal CAN"]
[Date "2016.12.27"]
[Round "2.7"]
[White "Diraddo, Daniel"]
[Black "Chaudari, Prabhas"]
[Result "1/2-1/2"]
[WhiteElo "1225"]
[BlackElo "1360"]
[PlyCount "85"]
[EventDate "2016.12.26"]
[EventType "swiss"]
[EventRounds "5"]
[EventCountry "CAN"]

1. e4 c5 2. Nf3 d6 3. d4 cxd4 4. Nxd4 Nf6 5. Nc3 a6 6. Bc4 b5 7. Bd3 e6 8. Bd2
Bb7 9. Qe2 Be7 10. O-O-O O-O 11. f4 e5 12. Nf5 Nc6 13. Rhf1 Rc8 14. g4 Nd4 15.
Qg2 Nxf5 16. gxf5 Re8 17. Rg1 Bf8 18. h4 d5 19. fxe5 Rxe5 20. Bh6 g6 21. Bf4
Re7 22. Bg5 Bg7 23. h5 Rxc3 24. bxc3 Qa5 25. hxg6 hxg6 26. fxg6 Qa3+ 27. Kd2
Nxe4+ 28. Bxe4 Qxc3+ 29. Kc1 Qb2+ 30. Kd2 Bc3+ 31. Kd3 dxe4+ 32. Ke3 Bg7 33.
Rd8+ Bf8 34. gxf7+ Kxf7 35. Qf2+ Ke6 36. Rxf8 Qc3+ 37. Kf4 Qe5+ 38. Ke3 Qc5+
39. Ke2 Qxc2+ 40. Ke3 Qc5+ 41. Ke2 Qc2+ 42. Ke3 Qc5+ 43. Ke2 1/2-1/2

[Event "Pere Noel U1500"]
[Site "Montreal CAN"]
[Date "2016.12.27"]
[Round "2.8"]
[White "Sison, Hubert"]
[Black "Dimov, Petre"]
[Result "1-0"]
[WhiteElo "1331"]
[BlackElo "1231"]
[PlyCount "105"]
[EventDate "2016.12.26"]
[EventType "swiss"]
[EventRounds "5"]
[EventCountry "CAN"]

1. e4 c5 2. c3 e6 3. Bd3 a6 4. Bc2 b5 5. d4 cxd4 6. cxd4 Nc6 7. Nf3 Qc7 8. Be3
Bb7 9. Nc3 b4 10. Ne2 Rd8 11. Rc1 Qb8 12. O-O Nf6 13. Bg5 Be7 14. h3 h6 15. Bf4
d6 16. Qd2 Nh5 17. Be3 Nf6 18. Rfe1 d5 19. e5 Ne4 20. Bxe4 dxe4 21. Nh2 Nxe5
22. Bf4 Bd6 23. dxe5 Bxe5 24. Bxe5 Qxe5 25. Qxb4 Ba8 26. Qa4+ Kf8 27. Nc3 f5
28. Qxa6 Kf7 29. b4 Rd6 30. Qa7+ Kg6 31. Qc5 Qf4 32. g3 Qd2 33. Red1 e3 34.
Qxe3 Qxe3 35. fxe3 Rc6 36. Nf3 Kf6 37. Nd4 Rc4 38. b5 Rhc8 39. Nde2 g5 40. Kf2
h5 41. a4 g4 42. h4 Bf3 43. a5 Rb4 44. a6 Rb2 45. Re1 Rd8 46. Rb1 Rc2 47. b6
Rd3 48. b7 Bxb7 49. axb7 f4 50. b8=Q fxe3+ 51. Kf1 Rdxc3 52. Qh8+ Kf7 53. Qxc3
1-0

[Event "Pere Noel U1500"]
[Site "Montreal CAN"]
[Date "2016.12.27"]
[Round "2.9"]
[White "Chapdelaine, Gwyn"]
[Black "Bercuvitz, Tani"]
[Result "0-1"]
[WhiteElo "1079"]
[BlackElo "1406"]
[PlyCount "62"]
[EventDate "2016.12.26"]
[EventType "swiss"]
[EventRounds "5"]
[EventCountry "CAN"]

1. e4 e5 2. Nf3 Nc6 3. Bc4 Bc5 4. O-O d6 5. h3 Nf6 6. d3 h6 7. Nc3 O-O 8. Nh4
Nxe4 9. Ng6 Nxc3 10. bxc3 Re8 11. Qh5 d5 12. Bf4 fxg6 13. Bxd5+ Qxd5 14. Qxg6
Re6 15. Qh5 g6 16. c4 Qd7 17. Qxh6 exf4 18. Qxf4 Qf7 19. Qh4 Qf6 20. Qh6 Bxf2+
21. Kh1 Qh4 22. Qd2 Be3 23. Qc3 Bd4 24. Qa3 Bf2 25. Rad1 Bd7 26. Rd2 Re1 27.
Rdxf2 Qxf2 28. Rxe1 Qxe1+ 29. Kh2 Rf8 30. c5 Rf1 31. g4 Qf2# 0-1

[Event "Pere Noel U1500"]
[Site "Montreal CAN"]
[Date "2016.12.27"]
[Round "2.10"]
[White "Shakeri, Sharareh"]
[Black "Dormeus, Sandy"]
[Result "0-1"]
[WhiteElo "1238"]
[BlackElo "925"]
[PlyCount "108"]
[EventDate "2016.12.26"]
[EventType "swiss"]
[EventRounds "5"]
[EventCountry "CAN"]

1. d4 d5 2. c4 Nf6 3. Nf3 e6 4. Bg5 Be7 5. e3 O-O 6. Bd3 Ne4 7. Bxe7 Qxe7 8.
O-O Nc6 9. Nc3 Nxc3 10. bxc3 Rd8 11. cxd5 exd5 12. Qc2 g6 13. a3 Bg4 14. Be2
Bf5 15. Bd3 Be4 16. Bxe4 Qxe4 17. Qxe4 dxe4 18. Nd2 f5 19. c4 b6 20. Rfc1 a6
21. Nb3 a5 22. Rc2 a4 23. Nc1 Rd7 24. Ne2 g5 25. Nc3 Ne7 26. Nd5 Nxd5 27. cxd5
Ra5 28. Rac1 Ra7 29. Kf1 Kf7 30. Rc6 Ke7 31. d6+ cxd6 32. Rxb6 Rab7 33. Rcc6
Rxb6 34. Rxb6 Ke6 35. Ra6 Rc7 36. Rxa4 Rc1+ 37. Ke2 f4 38. Ra7 h5 39. a4 g4 40.
Rh7 f3+ 41. gxf3 gxf3+ 42. Kd2 Ra1 43. Rxh5 Ra2+ 44. Ke1 Rxa4 45. Rh4 Kd5 46.
Rf4 Kc4 47. Kd2 Ra2+ 48. Kc1 Kd3 49. h4 Rc2+ 50. Kb1 Rxf2 51. h5 Kxe3 52. Rf6
Rh2 53. h6 f2 54. Kc2 f1=Q+ 0-1

[Event "Pere Noel U1500"]
[Site "Montreal CAN"]
[Date "2016.12.27"]
[Round "2.12"]
[White "Neshev, Nikolay"]
[Black "Pan, Yu Xiang"]
[Result "0-1"]
[WhiteElo "1117"]
[BlackElo "1314"]
[PlyCount "114"]
[EventDate "2016.12.26"]
[EventType "swiss"]
[EventRounds "5"]
[EventCountry "CAN"]

1. d4 d5 2. Nf3 Nf6 3. c4 e6 4. Bf4 Nbd7 5. e3 Ne4 6. Qc2 c6 7. Bd3 f5 8. c5
Ndf6 9. Ne5 Qa5+ 10. Nc3 Be7 11. O-O Nxc3 12. bxc3 Ne4 13. Bxe4 fxe4 14. Rab1
O-O 15. Rb3 Qd8 16. h3 Bg5 17. Bh2 Rf6 18. Qe2 Rf8 19. Qg4 Bf6 20. Rxb7 Bxb7
21. Qxe6+ Kh8 22. Nf7+ Rxf7 23. Qxf7 Qe7 24. Qh5 Rf8 25. Bd6 Qf7 26. Qxf7 Rxf7
27. Rb1 h5 28. a4 Kh7 29. a5 Ba6 30. Kh2 h4 31. Rb8 Rf8 32. g3 Rxb8 33. Bxb8 g5
34. gxh4 gxh4 35. Bxa7 Be2 36. Kg2 Kg6 37. Bb6 Kf7 38. a6 Bxa6 39. f4 Bc8 40.
Bc7 Ke8 41. f5 Bxf5 42. Bf4 Kd7 43. Bh6 Kc8 44. Bf4 Kb7 45. Bh6 Ka6 46. Bf4 Kb5
47. Bh6 Kc4 48. Bf4 Kxc3 49. Bh6 Kd3 50. Bf4 Bd8 51. Bh6 Ba5 52. Bg5 Be1 53.
Bf4 Bg3 54. Bg5 Be1 55. Bf6 Kxe3 56. Bg5+ Kd3 57. Kf1 Bg3 0-1

[Event "Pere Noel U1500"]
[Site "Montreal CAN"]
[Date "2016.12.27"]
[Round "2.13"]
[White "Hebert, Guillaume"]
[Black "Latorre, Vincent"]
[Result "1/2-1/2"]
[WhiteElo "1218"]
[BlackElo "1110"]
[PlyCount "101"]
[EventDate "2016.12.26"]
[EventType "swiss"]
[EventRounds "5"]
[EventCountry "CAN"]

1. e4 e5 2. Nf3 Nc6 3. Bc4 Bc5 4. O-O Nf6 5. d3 d6 6. c3 Be6 7. Bxe6 fxe6 8.
Qb3 Qc8 9. Be3 Bxe3 10. fxe3 O-O 11. Ng5 Re8 12. Nd2 Rb8 13. d4 h6 14. Ngf3 Nd7
15. d5 Nd8 16. Qb5 a6 17. Qa4 Nf7 18. dxe6 Rxe6 19. Qc4 Nb6 20. Qb3 Rg6 21. Nh4
Re6 22. Rf2 Qd7 23. Raf1 Rf8 24. a3 a5 25. Nc4 Nxc4 26. Qxc4 c6 27. Qa4 b6 28.
b4 Qd8 29. Qb3 d5 30. exd5 cxd5 31. e4 Qxh4 32. Qxd5 Rf6 33. g3 Qg4 34. Rxf6
gxf6 35. Rxf6 Qg5 36. Rf3 Qc1+ 37. Kg2 Qc2+ 38. Kh3 Qxe4 39. Qxe4 Ng5+ 40. Kg4
Nxe4 41. Re3 Nf6+ 42. Kh4 e4 43. bxa5 bxa5 44. g4 Rd8 45. Kg3 Rd3 46. Rxd3 exd3
47. Kf2 d2 48. Ke2 Ne4 49. c4 Kf8 50. h4 Ke7 51. g5 1/2-1/2

[Event "Pere Noel U1500"]
[Site "Montreal CAN"]
[Date "2016.12.27"]
[Round "2.14"]
[White "Clozel, Claire-Marie"]
[Black "Jain, Ankita"]
[Result "0-1"]
[WhiteElo "1022"]
[BlackElo "1197"]
[PlyCount "66"]
[EventDate "2016.12.26"]
[EventType "swiss"]
[EventRounds "5"]
[EventCountry "CAN"]

1. e4 e5 2. Nf3 Nc6 3. g3 Bc5 4. Qe2 Nf6 5. Bg2 O-O 6. O-O d6 7. d3 Bg4 8. h3
Bxf3 9. Bxf3 Qd7 10. Nc3 Qxh3 11. Bg2 Qe6 12. Nb5 Nd4 13. Nxd4 Bxd4 14. c3 Bc5
15. d4 exd4 16. c4 c6 17. Bd2 d5 18. exd5 Qxe2 19. Bf4 cxd5 20. Rae1 Qxb2 21.
Re5 Qxa2 22. cxd5 Bd6 23. Rg5 Bxf4 24. gxf4 Rad8 25. Rd1 Nxd5 26. f5 d3 27.
Rxd3 Qb1+ 28. Bf1 Rfe8 29. Rdg3 g6 30. Rh3 Re1 31. Kg2 Rxf1 32. Rhh5 Rg1+ 33.
Kf3 Rxg5 0-1

[Event "Pere Noel U1500"]
[Site "Montreal CAN"]
[Date "2016.12.27"]
[Round "2.15"]
[White "Brunelle, Raymond"]
[Black "Richard, Guillaume"]
[Result "1-0"]
[WhiteElo "1179"]
[BlackElo "1028"]
[PlyCount "77"]
[EventDate "2016.12.26"]
[EventType "swiss"]
[EventRounds "5"]
[EventCountry "CAN"]

1. e4 e5 2. Nf3 Nc6 3. Bb5 Nf6 4. O-O Be7 5. Re1 O-O 6. c3 Bc5 7. d4 exd4 8.
cxd4 Bb6 9. Nc3 d5 10. h3 a6 11. Ba4 Ba5 12. Re2 Bxc3 13. bxc3 Nxe4 14. Bb2 Bf5
15. Bc2 Qf6 16. Nd2 Qg6 17. Nf3 Bxh3 18. Ne1 Bg4 19. f3 Bh5 20. fxe4 Bxe2 21.
Qxe2 dxe4 22. Bxe4 Qe6 23. Qd3 Rfe8 24. Bxh7+ Kh8 25. Ba3 Qe3+ 26. Kf1 Qxd3+
27. Bxd3 Ne7 28. Nf3 g6 29. Re1 Rg8 30. Bxe7 Kg7 31. Bh4 f6 32. d5 Rad8 33. c4
c5 34. Re7+ Kh6 35. Bxf6 Rge8 36. Bg5+ Kh5 37. Rh7+ Kg4 38. Rh4+ Kg3 39. Bf4#
1-0

[Event "Pere Noel U1500"]
[Site "Montreal CAN"]
[Date "2016.12.27"]
[Round "2.16"]
[White "Poulin, Roxane"]
[Black "Blondin, Bernard"]
[Result "0-1"]
[WhiteElo "1143"]
[BlackElo "939"]
[PlyCount "124"]
[EventDate "2016.12.26"]
[EventType "swiss"]
[EventRounds "5"]
[EventCountry "CAN"]

1. d4 f5 2. c4 e6 3. Nc3 c6 4. Nf3 Nf6 5. Bg5 d5 6. e3 Be7 7. Bd3 O-O 8. Ne5
Nbd7 9. O-O Qe8 10. f4 Ne4 11. Bxe7 Qxe7 12. Qh5 Rf6 13. cxd5 g6 14. Qh4 exd5
15. Nf3 Nf8 16. Ng5 Nxg5 17. Qxg5 Ne6 18. Qh4 Ng7 19. Rf3 Re6 20. Qxe7 Rxe7 21.
b4 b5 22. a4 bxa4 23. Rxa4 a6 24. b5 cxb5 25. Nxd5 Rb7 26. Rb4 Ne8 27. Rf1 Be6
28. Nc3 Rc7 29. Rc1 Rac8 30. Ne2 Rxc1+ 31. Nxc1 Rxc1+ 32. Kf2 Nd6 33. Rb1 Rc3
34. Ke2 Bc4 35. Bxc4+ Nxc4 36. Rd1 Rxe3+ 37. Kf2 Rc3 38. d5 Nd6 39. Ke2 b4 40.
Rd3 Rc2+ 41. Kd1 Rxg2 42. Rd2 Rxd2+ 43. Kxd2 Kf7 44. Kc2 Ke7 45. Kb3 a5 46. h3
Ne4 47. Ka4 b3 48. Kxb3 Kd6 49. Ka4 Kxd5 50. Kxa5 Nf2 51. h4 Ke4 52. Kb4 Kxf4
53. Kc3 Kf3 54. Kd2 f4 55. Ke1 Kg2 56. Ke2 f3+ 57. Ke1 h6 58. Kd2 g5 59. hxg5
hxg5 60. Ke1 Kg1 61. Kd2 g4 62. Ke3 Nd1+ 0-1

[Event "Pere Noel U1500"]
[Site "Montreal CAN"]
[Date "2016.12.28"]
[Round "3"]
[White "Latorre, Vincent"]
[Black "Shakeri, Sharareh"]
[Result "0-1"]
[WhiteElo "1110"]
[BlackElo "1238"]
[PlyCount "126"]
[EventDate "2016.12.26"]
[EventType "swiss"]
[EventRounds "5"]
[EventCountry "CAN"]

1. e4 e5 2. Nf3 Nc6 3. Bb5 a6 4. Bxc6 bxc6 5. Nxe5 Qg5 6. Ng4 d6 7. h3 Bxg4 8.
hxg4 Nf6 9. f3 Be7 10. d4 Qa5+ 11. Nc3 O-O-O 12. Be3 h5 13. g5 Nd7 14. Qd2 f5
15. O-O-O Nb6 16. Qe2 fxe4 17. fxe4 Bxg5 18. Bxg5 Qxg5+ 19. Kb1 Kb7 20. Rdf1 g6
21. a3 Rhe8 22. Rf7 Nd5 23. Re1 Nxc3+ 24. bxc3 Qb5+ 25. Qxb5+ axb5 26. Rg7 Rg8
27. Rxg8 Rxg8 28. e5 dxe5 29. dxe5 Kc8 30. Kb2 g5 31. e6 Kd8 32. Re5 Ke7 33. c4
Kd6 34. Re4 bxc4 35. e7 Re8 36. Rxc4 Rxe7 37. a4 Re5 38. Kb3 c5 39. a5 Kc6 40.
Ka4 Kb7 41. g3 Rd5 42. Kb5 c6+ 43. Ka4 Rd4 44. Kb3 Rxc4 45. Kxc4 h4 46. gxh4
gxh4 47. Kxc5 h3 48. c4 h2 49. a6+ Kxa6 50. Kxc6 h1=Q+ 51. Kd6 Kb7 52. c5 Qd1+
53. Ke5 Kc6 54. Ke4 Kxc5 55. Ke5 Kc6 56. Ke4 Kd6 57. Kf4 Qe1 58. Kf5 Ke7 59.
Kf4 Kf6 60. Kf3 Ke5 61. Kg2 Kf4 62. Kh2 Kf3 63. Kh3 Qg3# 0-1

[Event "Pere Noel U1500"]
[Site "Montreal CAN"]
[Date "2016.12.28"]
[Round "3.1"]
[White "Morin-Pare, Victor"]
[Black "Nanescu, Marin"]
[Result "1-0"]
[WhiteElo "1492"]
[BlackElo "1410"]
[PlyCount "65"]
[EventDate "2016.12.26"]
[EventType "swiss"]
[EventRounds "5"]
[EventCountry "CAN"]

1. d4 d5 2. c4 Nf6 3. Nc3 e6 4. Bg5 Be7 5. e3 h6 6. Bf4 a6 7. cxd5 exd5 8. Bd3
Be6 9. Nge2 Bd6 10. O-O Bxf4 11. Nxf4 Bc8 12. Qf3 c6 13. e4 dxe4 14. Nxe4 O-O
15. Rfe1 Nxe4 16. Qxe4 f5 17. Bc4+ Kh7 18. Qf3 Qd6 19. Qg3 b5 20. Bb3 Ra7 21.
Re3 Re7 22. Rae1 Rxe3 23. Rxe3 a5 24. Re5 a4 25. Bc2 c5 26. Rd5 Qe7 27. Qg6+
Kh8 28. Re5 Qc7 29. Nd5 Qc6 30. Ne7 Qf6 31. Qxf6 gxf6 32. Rxc5 Re8 33. Rxc8 1-0

[Event "Pere Noel U1500"]
[Site "Montreal CAN"]
[Date "2016.12.28"]
[Round "3.2"]
[White "Girard-Plouffe, Francois"]
[Black "Sison, Hubert"]
[Result "1-0"]
[WhiteElo "1474"]
[BlackElo "1331"]
[PlyCount "97"]
[EventDate "2016.12.26"]
[EventType "swiss"]
[EventRounds "5"]
[EventCountry "CAN"]

1. Nf3 e6 2. c4 g6 3. Nc3 Nf6 4. d4 c6 5. e4 d6 6. Bg5 Be7 7. Bd3 Nh5 8. Bd2
Nd7 9. O-O e5 10. Re1 exd4 11. Nxd4 Ne5 12. Bf1 Bg5 13. Bxg5 Qxg5 14. Nf3 Nxf3+
15. Qxf3 O-O 16. Qe3 Nf4 17. g3 Nh3+ 18. Bxh3 Qxe3 19. Rxe3 Bxh3 20. f4 Rfe8
21. Rae1 Re7 22. e5 Rae8 23. Ne4 Kg7 24. Nxd6 Rd8 25. Kf2 Be6 26. b3 a6 27. Rd1
Rdd7 28. Red3 Kf8 29. Ne4 Rxd3 30. Rxd3 Rd7 31. Rxd7 Bxd7 32. Nf6 Bf5 33. Nxh7+
Ke7 34. c5 Be6 35. Ng5 Bd5 36. Ke3 Kd7 37. Ne4 Kc7 38. Nc3 Be6 39. b4 b6 40.
cxb6+ Kxb6 41. a3 a5 42. Kd4 axb4 43. axb4 Bg4 44. Ne4 Kb5 45. Kc3 Kb6 46. Nd6
Be6 47. Kd4 Bb3 48. g4 Be6 49. h3 1-0

[Event "Pere Noel U1500"]
[Site "Montreal CAN"]
[Date "2016.12.28"]
[Round "3.3"]
[White "Grandmaison, Real"]
[Black "Perecowicz, Boaz"]
[Result "0-1"]
[WhiteElo "1238"]
[BlackElo "1420"]
[PlyCount "86"]
[EventDate "2016.12.26"]
[EventType "swiss"]
[EventRounds "5"]
[EventCountry "CAN"]

1. c4 e5 2. Nc3 c6 3. e4 Nf6 4. f3 Bc5 5. Nge2 a6 6. d4 exd4 7. Nxd4 O-O 8. a3
d6 9. b4 Ba7 10. Be3 Re8 11. Qb3 d5 12. cxd5 cxd5 13. O-O-O Qc7 14. Kb2 dxe4
15. g3 exf3 16. Bf4 Qe7 17. h3 Bxd4 18. Rxd4 Nc6 19. Rd3 Be6 20. Qd1 Nh5 21.
Bd6 Qg5 22. Qxf3 Bf5 23. Rd5 Re1 24. Qxf5 Qc1+ 25. Kb3 Re3 26. Qc2 Qxc2+ 27.
Kxc2 Nxg3 28. Bxg3 Rxg3 29. Rd7 Rc8 30. Rh2 Ne5 31. Rxb7 Rcxc3+ 32. Kb2 g6 33.
Bxa6 Rxa3 34. Re2 Rgb3+ 35. Kc2 Nc6 36. Re8+ Kg7 37. Bc4 Nxb4+ 38. Kd1 Rb2 39.
Kc1 Rc2+ 40. Kb1 Rxc4 41. Kb2 Rxh3 42. Ree7 Rc2+ 43. Kb1 Rh1+ 0-1

[Event "Pere Noel U1500"]
[Site "Montreal CAN"]
[Date "2016.12.28"]
[Round "3.4"]
[White "Dormeus, Sandy"]
[Black "Chira, Dan"]
[Result "0-1"]
[WhiteElo "925"]
[BlackElo "1485"]
[PlyCount "86"]
[EventDate "2016.12.26"]
[EventType "swiss"]
[EventRounds "5"]
[EventCountry "CAN"]

1. e4 e5 2. Nf3 Nc6 3. Bb5 Nd4 4. Nc3 c6 5. Bc4 b5 6. Bd3 d6 7. Ne2 Nxf3+ 8.
gxf3 Bh3 9. Ng3 Qf6 10. Be2 Ne7 11. c3 Ng6 12. d4 Nf4 13. Bxf4 Qxf4 14. Qd2
Qxd2+ 15. Kxd2 g6 16. Kc2 Bg7 17. Rad1 O-O 18. d5 c5 19. Bxb5 Bg2 20. Rhg1 Bxf3
21. Rd3 Bg4 22. c4 a6 23. Bc6 Rab8 24. Ra3 Rb6 25. b3 h5 26. Nf1 Bh6 27. Ne3
Bxe3 28. fxe3 Kh7 29. Rg3 f5 30. Bd7 f4 31. exf4 exf4 32. Rg2 Bxd7 33. Kd2 Bg4
34. Rf2 Kh6 35. Ra4 Bd7 36. Ra5 g5 37. Kc3 Re8 38. Kd3 h4 39. Kc3 Rxe4 40. a3
Re3+ 41. Kb2 f3 42. b4 Re2+ 43. Rxe2 fxe2 0-1

[Event "Pere Noel U1500"]
[Site "Montreal CAN"]
[Date "2016.12.28"]
[Round "3.5"]
[White "Wang, Isabelle"]
[Black "Fournier, Martin"]
[Result "1-0"]
[WhiteElo "1280"]
[BlackElo "1410"]
[PlyCount "43"]
[EventDate "2016.12.26"]
[EventType "swiss"]
[EventRounds "5"]
[EventCountry "CAN"]

1. e4 c5 2. Nf3 d6 3. d4 cxd4 4. Nxd4 Nf6 5. Nc3 a6 6. Bg5 e6 7. f4 Qb6 8. Nb3
Nc6 9. Qf3 Nd4 10. Nxd4 Qxd4 11. Bd3 Be7 12. O-O-O Qc5 13. g4 h6 14. Bh4 Nd5
15. Bf2 Qc7 16. exd5 b5 17. dxe6 Rb8 18. exf7+ Kxf7 19. Qd5+ Be6 20. Bg6+ Kxg6
21. Qxe6+ Kh7 22. Nd5 1-0

[Event "Pere Noel U1500"]
[Site "Montreal CAN"]
[Date "2016.12.28"]
[Round "3.6"]
[White "Bercuvitz, Tani"]
[Black "Diraddo, Daniel"]
[Result "1-0"]
[WhiteElo "1406"]
[BlackElo "1225"]
[PlyCount "73"]
[EventDate "2016.12.26"]
[EventType "swiss"]
[EventRounds "5"]
[EventCountry "CAN"]

1. d4 Nf6 2. c4 e6 3. Nc3 d5 4. Bg5 Be7 5. Nf3 O-O 6. e3 h6 7. Bh4 Nc6 8. a3
Bd7 9. Bxf6 Bxf6 10. cxd5 exd5 11. Nxd5 Bg4 12. Nxf6+ Qxf6 13. Be2 Rad8 14. O-O
a6 15. h3 Be6 16. Qc2 Rd7 17. Rfd1 Na5 18. Nd2 Bf5 19. Bd3 Be6 20. Ne4 Qe7 21.
Nc5 Rd5 22. Nxe6 fxe6 23. Be4 Rdd8 24. b4 Nc6 25. Bxc6 bxc6 26. Qxc6 Rd6 27.
Qc2 Qf7 28. Rac1 Rd7 29. Rf1 Rc8 30. Qc6 Rd6 31. Qb7 Qd7 32. Rc3 Rb6 33. Qe4
Rcb8 34. Rfc1 R8b7 35. Rc6 Rxc6 36. Qxc6 Qxc6 37. Rxc6 1-0

[Event "Pere Noel U1500"]
[Site "Montreal CAN"]
[Date "2016.12.28"]
[Round "3.7"]
[White "Chaudari, Prabhas"]
[Black "Gagnon-Styrczula, Philippe"]
[Result "0-1"]
[WhiteElo "1360"]
[BlackElo "1195"]
[PlyCount "108"]
[EventDate "2016.12.26"]
[EventType "swiss"]
[EventRounds "5"]
[EventCountry "CAN"]

1. e4 c6 2. d4 d5 3. Nc3 dxe4 4. Nxe4 Bf5 5. Ng3 Bg6 6. Nf3 e6 7. Ne5 Nd7 8.
Nxg6 hxg6 9. Bf4 Ngf6 10. Bd3 Nd5 11. Bd2 N7f6 12. c3 Bd6 13. Ne4 Nxe4 14. Bxe4
Qc7 15. g3 O-O-O 16. Qc2 Rde8 17. O-O-O f5 18. Bg2 Nf6 19. f4 Ng4 20. Rde1 Nxh2
21. Kb1 Qd7 22. c4 Ng4 23. d5 exd5 24. Rxh8 Rxh8 25. cxd5 c5 26. b4 b6 27. bxc5
bxc5 28. Ka1 Re8 29. Rb1 Ne3 30. Bxe3 Rxe3 31. Qf2 Re7 32. Bf1 Qa4 33. Rc1 Re4
34. Bd3 Qd4+ 35. Qxd4 Rxd4 36. Ba6+ Kc7 37. Rb1 Rb4 38. Rxb4 cxb4 39. Kb2 g5
40. Kb3 gxf4 41. gxf4 Bxf4 42. Kxb4 Kd6 43. Kc4 Be3 44. Bc8 f4 45. Bg4 g5 46.
Bf3 Bb6 47. Kd3 Ke5 48. Kc4 Kf5 49. d6 g4 50. Bb7 f3 51. d7 Kf4 52. Kd3 g3 53.
d8=Q Bxd8 54. Kd2 g2 0-1

[Event "Pere Noel U1500"]
[Site "Montreal CAN"]
[Date "2016.12.28"]
[Round "3.8"]
[White "Jain, Ankita"]
[Black "Arsenault-Mahjoubi, Louis"]
[Result "0-1"]
[WhiteElo "1197"]
[BlackElo "1375"]
[PlyCount "58"]
[EventDate "2016.12.26"]
[EventType "swiss"]
[EventRounds "5"]
[EventCountry "CAN"]

1. e4 c5 2. Nf3 e6 3. Bb5 a6 4. Bc4 b5 5. Be2 Nf6 6. d3 Nc6 7. Bg5 Be7 8. Bf4
O-O 9. O-O Bb7 10. a3 Nh5 11. Be3 Qc7 12. Ng5 Nf4 13. Nf3 f5 14. Qd2 fxe4 15.
dxe4 Rf6 16. Re1 Raf8 17. b3 Ne5 18. Qc3 Nxe2+ 19. Rxe2 Rxf3 20. gxf3 Nxf3+ 21.
Kf1 Qxh2 22. Re1 Bf6 23. Qd3 Qh1+ 24. Ke2 Qxe1+ 25. Kxf3 Bxa1+ 26. Kg3 Qg1+ 27.
Kh4 Bf6+ 28. Kh5 g6+ 29. Kh6 Bg7# 0-1

[Event "Pere Noel U1500"]
[Site "Montreal CAN"]
[Date "2016.12.28"]
[Round "3.9"]
[White "Pan, Yu Xiang"]
[Black "Brunelle, Raymond"]
[Result "1-0"]
[WhiteElo "1314"]
[BlackElo "1179"]
[PlyCount "119"]
[EventDate "2016.12.26"]
[EventType "swiss"]
[EventRounds "5"]
[EventCountry "CAN"]

1. e4 c5 2. Nf3 Nc6 3. d4 cxd4 4. Nxd4 e6 5. Be3 d5 6. exd5 Qxd5 7. Nxc6 Qxc6
8. a3 g6 9. Nc3 a6 10. Qd4 f6 11. O-O-O Bd7 12. Qb6 Rc8 13. Qxc6 Rxc6 14. g3
Rc8 15. Bg2 Bc6 16. Bxc6+ Rxc6 17. Ne4 h5 18. h4 b6 19. Rd3 Be7 20. Rhd1 Nh6
21. Nd6+ Kf8 22. Bxh6+ Rxh6 23. Nb7 Rc7 24. Rd7 Rxd7 25. Rxd7 Rh7 26. Rc7 Rf7
27. Rc6 e5 28. Rxb6 a5 29. Nxa5 g5 30. Rb8+ Kg7 31. Nc6 Bc5 32. hxg5 fxg5 33.
Nxe5 Rxf2 34. Rb7+ Kg8 35. Nc4 Bf8 36. Rd7 Rg2 37. Rd3 g4 38. b4 Bh6+ 39. Kb2
Bg7+ 40. Kb3 Rf2 41. b5 Rf3 42. Rxf3 gxf3 43. Nd2 f2 44. Nf1 Kf8 45. Kc4 Ke7
46. Kc5 Kd7 47. Kb6 Kc8 48. Ka6 Bd4 49. c4 Bc5 50. a4 Kb8 51. b6 Bd4 52. a5 Ka8
53. Kb5 Kb7 54. a6+ Kb8 55. c5 Ka8 56. c6 Be5 57. c7 Bxc7 58. bxc7 h4 59. c8=Q+
Ka7 60. Qb7# 1-0

[Event "Pere Noel U1500"]
[Site "Montreal CAN"]
[Date "2016.12.28"]
[Round "3.10"]
[White "Blondin, Bernard"]
[Black "Tesar, Mathias"]
[Result "0-1"]
[WhiteElo "939"]
[BlackElo "1307"]
[PlyCount "152"]
[EventDate "2016.12.26"]
[EventType "swiss"]
[EventRounds "5"]
[EventCountry "CAN"]

1. d4 d5 2. Nf3 Nf6 3. Bf4 e6 4. e3 Bd6 5. Bg3 b6 6. Bd3 Bb7 7. Nbd2 O-O 8. O-O
Ne4 9. Bxd6 Qxd6 10. c3 Nd7 11. Re1 f5 12. Nf1 Rf6 13. Ne5 Nxe5 14. dxe5 Qxe5
15. f4 Qd6 16. Qf3 a5 17. a4 Ba6 18. Bxa6 Rxa6 19. Re2 Rg6 20. Kh1 Qc5 21. g3
Qc4 22. Nd2 Qc6 23. Nxe4 dxe4 24. Qf2 Ra8 25. Rd2 Rf6 26. Rd4 Rff8 27. Rad1
Rae8 28. Qg1 Qa8 29. Qf1 Rd8 30. Qc4 Qc8 31. b4 Rxd4 32. Rxd4 Kf7 33. Qe2 g6
34. Qd1 Ke7 35. Qb3 Rd8 36. b5 Rxd4 37. cxd4 Qd7 38. Qa3+ Qd6 39. Qc3 Kd7 40.
h4 c6 41. d5 cxb5 42. dxe6+ Kxe6 43. axb5 Qd1+ 44. Kh2 Qe2+ 45. Kg1 Qxb5 46.
Qc8+ Qd7 47. Qc4+ Qd5 48. Qc8+ Qd7 49. Qc4+ Kd6 50. Qd4+ Kc7 51. Qe5+ Kb7 52.
Kg2 Qd2+ 53. Kh3 h5 54. Qg7+ Ka6 55. Qxg6 Qe2 56. Qxf5 Qg4+ 57. Qxg4 hxg4+ 58.
Kxg4 a4 59. h5 a3 60. h6 a2 61. h7 a1=Q 62. Kh5 Qg7 63. f5 Qxh7+ 64. Kg4 Qg7+
65. Kf4 Qf6 66. g4 Qh4 67. Kxe4 Qxg4+ 68. Ke5 Qg5 69. e4 b5 70. Ke6 Qf4 71. e5
b4 72. f6 b3 73. f7 b2 74. Ke7 Qxe5+ 75. Kd7 Qf6 76. Ke8 Qxf7+ 0-1